Catálogo público

Plant pathology and plant pathogens / John A. Lucas (Record no. 217216)

MARC details
000 -CABECERA
campo de control de longitud fija 00741nam a2200253Ia 4500
001 - NÚMERO DE CONTROL
campo de control Para_9613
003 - IDENTIFICADOR DEL NÚMERO DE CONTROL
campo de control OSt
005 - FECHA Y HORA DE LA ÚLTIMA TRANSACCIÓN
campo de control 20251121124011.0
008 - DATOS DE LONGITUD FIJA--INFORMACIÓN GENERAL
campo de control de longitud fija 220602s1998 mx ad r 000 0 spa d
020 ## - NÚMERO INTERNACIONAL ESTÁNDAR DEL LIBRO
Número Internacional Estándar del Libro 978 - 0 - 632 - 03046 - 0
040 ## - FUENTE DE LA CATALOGACIÓN
Centro catalogador/agencia de origen CHAP
Centro/agencia transcriptor PA
082 ## - NÚMERO DE LA CLASIFICACIÓN DECIMAL DEWEY
Número de clasificación PA 632 L93 1998
100 ## - ENTRADA PRINCIPAL--NOMBRE DE PERSONA
Nombre de persona Lucas, John A.
9 (RLIN) 185031
245 ## - MENCIÓN DE TÍTULO
Título Plant pathology and plant pathogens / John A. Lucas
250 ## - MENCIÓN DE EDICIÓN
Mención de edición 3a ed.
300 ## - DESCRIPCIÓN FÍSICA
Extensión 274 p.
500 ## - NOTA GENERAL
Nota general Incluye referencias bibliográficas
650 #0 - PUNTO DE ACCESO ADICIONAL DE MATERIA--TÉRMINO DE MATERIA
Término de materia o nombre geográfico como elemento de entrada Microorganismos fitopatógenos - Control
9 (RLIN) 185032
942 ## - ELEMENTOS DE PUNTO DE ACCESO ADICIONAL (KOHA)
Tipo de ítem Koha Libro
Fuente del sistema de clasificación o colocación Dewey Decimal Classification
260 ## - PUBLICACIÓN, DISTRIBUCIÓN, ETC.
Lugar de publicación, distribución, etc. Massachusetts : Blackwell
901 ## - ELEMENTOS DE DATOS A LOCAL LDA (RLIN)
a PA 632 L93 1998
902 ## - ELEMENTOS DE DATOS B LOCAL, LDB (RLIN)
a M
905 ## - ELEMENTOS DE DATOS E LOCAL, LDE (RLIN)
a 5231271998 maua 8112223321eng11
Holdings
Estado de retiro Estado de pérdida Fuente del sistema de clasificación o colocación Estado dañado Restricciones de uso No para préstamo Código de colección Localización permanente Ubicación/localización actual Fecha de adquisición Número de inventario Total de préstamos Signatura topográfica completa Código de barras Fecha visto por última vez Número de copia Precio válido a partir de Tipo de ítem Koha Nota pública
    Dewey Decimal Classification   Préstamo interno   General Parasitologia Agricola Parasitologia Agricola 28/01/2011 (PA_09611) (No. UACh 248875)   PA 632 L93 1998 4102001814 02/06/2022 Ej.1 02/06/2022 Libro 3